Trading between the lines : (Record no. 275368)
[ view plain ]
| 000 -LEADER | |
|---|---|
| fixed length control field | 01233cam a22003014a 4500 |
| 001 - CONTROL NUMBER | |
| control field | 16602729 |
| 005 - DATE AND TIME OF LATEST TRANSACTION | |
| control field | 20140903113349.0 |
| 008 - FIXED-LENGTH DATA ELEMENTS--GENERAL INFORMATION | |
| fixed length control field | 110107s2011 njua b 001 0 eng |
| 010 ## - LIBRARY OF CONGRESS CONTROL NUMBER | |
| LC control number | 2010053522 |
| 020 ## - INTERNATIONAL STANDARD BOOK NUMBER | |
| International Standard Book Number | 9781576603734 (cloth) |
| 040 ## - CATALOGING SOURCE | |
| Original cataloging agency | DLC |
| Transcribing agency | DLC |
| Modifying agency | DLC |
| 042 ## - AUTHENTICATION CODE | |
| Authentication code | pcc |
| 050 00 - LIBRARY OF CONGRESS CALL NUMBER | |
| Classification number | HG 4638 |
| Item number | .K58 2011 |
| 082 00 - DEWEY DECIMAL CLASSIFICATION NUMBER | |
| Classification number | 332.63/2042 |
| 100 1# - MAIN ENTRY--PERSONAL NAME | |
| Personal name | Knuth, Elaine. |
| 245 10 - TITLE STATEMENT | |
| Title | Trading between the lines : |
| Remainder of title | pattern recognition and visualization of markets / |
| Statement of responsibility, etc | Elaine Knuth. |
| 260 ## - PUBLICATION, DISTRIBUTION, ETC. (IMPRINT) | |
| Place of publication, distribution, etc | Hoboken, N.J. : |
| Name of publisher, distributor, etc | John Wiley & Sons, |
| Date of publication, distribution, etc | c2011. |
| 300 ## - PHYSICAL DESCRIPTION | |
| Extent | xi, 222 p. : |
| Other physical details | ill. ; |
| Dimensions | 24 cm. |
| 490 0# - SERIES STATEMENT | |
| Series statement | Bloomberg financial series |
| 505 0# - FORMATTED CONTENTS NOTE | |
| Formatted contents note | Perception and pattern: how mindset leads to understanding and action -- Visualizing the idea of what makes a price -- An upside reversal -- A downside reversal -- Price and repeating order. |
| 521 ## - TARGET AUDIENCE NOTE | |
| Target audience note | |
| 650 #0 - SUBJECT ADDED ENTRY--TOPICAL TERM | |
| Topical term or geographic name as entry element | Stocks |
| Form subdivision | Charts, diagrams, etc. |
| 650 #0 - SUBJECT ADDED ENTRY--TOPICAL TERM | |
| Topical term or geographic name as entry element | Stocks |
| General subdivision | Prices |
| Form subdivision | Charts, diagrams, etc. |
| 650 #0 - SUBJECT ADDED ENTRY--TOPICAL TERM | |
| Topical term or geographic name as entry element | Technical analysis (Investment analysis) |
| 906 ## - LOCAL DATA ELEMENT F, LDF (RLIN) | |
| a | 7 |
| b | cbc |
| c | orignew |
| d | 1 |
| e | ecip |
| f | 20 |
| g | y-gencatlg |
| 942 ## - ADDED ENTRY ELEMENTS (KOHA) | |
| Source of classification or shelving scheme | Library of Congress Classification |
| Koha item type | Books |
| Call number prefix | Foreign |
| Withdrawn status | Lost status | Source of classification or shelving scheme | Damaged status | Not for loan | Home library | Current library | Shelving location | Date acquired | Source of acquisition | Total Checkouts | Full call number | Barcode | Date last seen | Price effective from | Koha item type |
|---|---|---|---|---|---|---|---|---|---|---|---|---|---|---|---|
| Library of Congress Classification | On Process | College Library | College Library | General Circulation Section | 09/03/2014 | Donation | HG 4638 .K58 2011 | C18559 | 05/15/2018 | 09/03/2014 | Books |